| 000 | 005180000a22001810004500 | ||
|---|---|---|---|
| 003 | MACL | ||
| 005 | 20151211155202.0 | ||
| 008 | 151211b xxu||||| |||| 00| 0 eng d | ||
| 040 |
_aMACL _cMACL |
||
| 041 | _aHindi | ||
| 082 | _a741.642 | ||
| 100 |
_aप्रो ए नाथ _919973 |
||
| 245 | _aशरीर एक मशीन | ||
| 260 |
_bडायनामिक पब्लिकेशंस _c2007 |
||
| 350 | _a50 | ||
| 650 |
_aचिल्डन बुक _9314 |
||
| 942 |
_cHIN _k741.642/AMR _2ddc |
||
| 999 |
_c41662 _d41662 |
||